Govt. of
Madhya Pradesh

Islamic Jurisprudence In Modern World (Record no. 16564)

MARC details
000 -LEADER
fixed length control field 004820000a22001810004500
001 - CONTROL NUMBER
control field 004677
003 - CONTROL NUMBER IDENTIFIER
control field MACL
005 - DATE AND TIME OF LATEST TRANSACTION
control field 20150730133225.0
008 - FIXED-LENGTH DATA ELEMENTS--GENERAL INFORMATION
fixed length control field 150730b xxu||||| |||| 00| 0 eng d
040 ## - CATALOGING SOURCE
Original cataloging agency MACL
Transcribing agency MACL
041 ## - LANGUAGE CODE
Language code of text/sound track or separate title English
082 ## - DEWEY DECIMAL CLASSIFICATION NUMBER
Classification number 340/QUA
100 ## - MAIN ENTRY--PERSONAL NAME
Personal name Qadri, Anwar A.
9 (RLIN) 3432
245 ## - TITLE STATEMENT
Title Islamic Jurisprudence In Modern World
Remainder of title In The Modern World
Statement of responsibility, etc. Anwar A. Qadri
260 ## - PUBLICATION, DISTRIBUTION, ETC. (IMPRINT)
Place of publication, distribution, etc. New Delhi
Date of publication, distribution, etc. 2007
Name of publisher, distributor, etc. Adam Publishers,
650 ## - SUBJECT ADDED ENTRY--TOPICAL TERM
Topical term or geographic name as entry element Law
9 (RLIN) 3433
942 ## - ADDED ENTRY ELEMENTS (KOHA)
Call number prefix 340
Koha item type Books
Source of classification or shelving scheme
Holdings
Withdrawn status Lost status Source of classification or shelving scheme Damaged status Not for loan Home library Current library Date acquired Total Checkouts Full call number Barcode Date last seen Uniform Resource Identifier Price effective from Koha item type
          MACL MACL 30/07/2015   340/QUA CRE020926 02/05/2024 16472 15/04/2015 Books